000 00504nam a2200181Ia 4500
008 240925s9999 xx 000 0 und d
020 _a002361191X
082 _a371.334 JON
100 _aJonassen ,David H.
245 0 _aComputer in the Classroom: mind tools for critical thinking
250 _aNA
260 _aNew Jersey:
_bPrintice- Hall Int.
_c,1996.
300 _axviii,526p.
_bNA
_fOriginal
500 _aIncludes Index
600 _aSocial Sciences
650 _aSocial Sciences
942 _cBK
999 _c5281
_d5281